000 02085cam a22003495a 4500
001 015903936
003 Uk
005 20201128023803.0
008 110928s2012 si ac fr 001 0 eng|d
015 _aGBB1B6225
_2bnb
016 7 _a015903936
_2Uk
020 _a9781118092286 (pbk.)
020 _a1118092287 (pbk.)
040 _aStDuBDS
_beng
_cStDuBDS
_dEG-ScBUE
042 _aukblcatcopy
082 0 4 _222
_a657
_bWEY
100 1 _aWeygandt, Jerry J.
_91078
245 1 0 _aManagerial accounting /
_cJerry J. Weygandt, Paul D. Kimmel, Donald E. Kieso.
250 _a6th ed., International student version.
260 _aSingapore :
_bJohn Wiley & Sons Singapore Pte. Ltd,
_cc.2012.
300 _a1 v. (various pagings) :
_bcol. ill., col. ports. ;
_c28 cm.
500 _aIndexes : p. I-1 - I-14.
505 _aCost Concepts for Decision-Makers; 1 Managerial Accounting -- 2 Job Order Costing -- 3 Process Costing -- 4 Activity-Based Costing -- Decision-Making Concepts; 5 Cost-Volume-Profit -- 6 Cost-Volume-Profit Analysis: Additional Issues -- 7 Incremental Analysis -- 8 Pricing -- Planning and Control Concepts; 9 Budgetary Planning -- 10 Budgetary Control and Responsibility Accounting -- 11 Standard Costs and Balanced Scorecard -- 12 Planning for Capital Investments -- Performance Evaluation Concepts; 13 Statement of Cash Flows -- 14 Financial Statement Analysis.
520 _aWeygandt, Managerial Accounting, 6th Edition gives students the tools they need to succeed, whether as accountants or in other career paths. The authors present the fundamental concepts of managerial accounting in an easy-to-understand fashion in a decision-making framework for a one semester, undergraduate managerial accounting course.
650 0 _aManagerial accounting.
_2BUEsh
651 _2BUEsh
653 _bBUSADM
_cAugust 2016
700 1 _aKimmel, Paul D.
_91492
700 1 _aKieso, Donald E.
_99035
856 _uhttp://eu.wiley.com/WileyCDA/WileyTitle/productCd-EHEP002447.html#student
_yAdditional resources for students & instructors
942 _2ddc
_e22
_k657 WEY
999 _c22141
_d22113